000 00967nam a22001577a 4500
003 SGT
020 _a9788177588118
082 _a332.6,FIS
245 _aSECURITY ANALYSIS AND PORTFOLIO MANAGEMENT
250 _a6TH
260 _aNEW DELHI
_bPEARSON
_c2013
300 _a703
650 _aFINANCIAL ECONOMICS
653 _a1. INTRODUCTION TO SECURITIES. 2. MARKETS FOR SECURITIES AND TAXES. 3. RISK AND RETURN. 4. ECONOMIC ANALYSIS. 5. INDUSTRY ANALYSIS. 6. COMPANY ANALYSIS: MEASURING EARNINGS. 7. COMPANY ANALYSIS: FORECASTING EARNINGS. 8. COMPANY ANALYSIS: APPLIED VALUATION. 9. BOND ANALYSIS; RETURNS AND SYSTEMATIC RISK. 10. BOND ANALYSIS: UNSYSTEMATIC RISK. 11. BOND MANAGEMENT STRATEGIES. 12. OPTIONS. 13. RIGHTS, WARRANTS AND CONVERTIBLES. 14. FUTURES. 15. TECHNICAL ANALYSIS. 16. EFFICIENT—MARKET THEORY 17. PORTFOLIO ANALYSIS. 18. PORTFOLIO SELECTION. 19. CAPITAL MARKET THEORY. 20. MANAGED PORTFOLIOS AND PERFORMANCE MEASUREMENTS.
942 _2ddc
_cFCM
_06
999 _c8927
_d8927